00305nam a2200133Ia 450000100060000000800410000602000180004704000130006508200150007824500200009326000400011330000110015354600070016424558140411s9999 xx 000 0 und d a0-00-512622-3 cPK-LaUMT a 220bGOO- aGood news Bible aNew York,USA:bCollins Bible,c1976 a363 p. aEN